000 00175 a2200097 4500
020 _a9780545083485
041 _aeng
100 _aMilles, Ellen
245 _aBear
942 _cBK
999 _c31298
_d31296